| 000 | 00488nam a22001457a 4500 | ||
|---|---|---|---|
| 003 | OSt | ||
| 005 | 20150910150539.0 | ||
| 008 | 150910b xxu||||| |||| 00| 0 eng d | ||
| 040 | _cRUA | ||
| 082 | _aAGR ហម 1995 B011 Or. | ||
| 100 |
_9252 _aហម វណ្ណា |
||
| 245 | _aAGRO-FORESTRY POTENTIAL IN BATTAMBANG PROVINCE សក្ដានុពលកសិរុក្ខកម្មនៅខេត្ដបាត់ដំបង | ||
| 300 |
_a92p. _bill. _c29cm. |
||
| 942 |
_2ddc _cAGR |
||
| 999 |
_c235 _d235 |
||